正向聚焦: (Record no. 7180)
[ view plain ]
| 000 -記錄標示(系統產生) | |
|---|---|
| fixed length control field | 00732cam a2200229 4500 |
| 020 ## - ISBN | |
| ISBN | 9789575036492 |
| 價格 | 新臺幣380元 |
| 100 1# - 主要款目 | |
| 第一作者姓名 | 陳志恆 |
| 245 10 - 書籍基本資料 | |
| 書名 | 正向聚焦: |
| 副標題 | 有效肯定的三十種變化, 點燃孩子的內在動力 / |
| 作者名稱 | 陳志恆著 |
| 250 ## - 書籍版本資料 | |
| 書籍版本 | 第一版 |
| 260 ## - 書籍出版資料 | |
| 出版地 | 臺北市 : |
| 出版者 | 親子天下, |
| 出版年 | 2020.10 |
| 300 ## - 外觀規格(長、寬、高) | |
| 數量(面數, 冊數或其他) | 358面 : |
| 高廣尺寸 | 21公分 |
| 490 0# - 套書系列資料 | |
| 套書名稱 | 家庭與生活 ; |
| 冊次號 | 064. |
| 942 ## - 其他項目(KOHA) | |
| 分類法來源 | 中文圖書分類法 |
| 館藏類型設定 | 一般圖書 |
| 撤銷狀態 | 遺失狀態 | 分類號來源 | 損壞狀態 | 不外借 | 永久館藏地 | 現在館藏地 | 書架位置 | 採購日期 | 所有借閱數 | Total Renewals | 完整索書號 | 條碼號 | 最後一次日期記錄 | 最後借出日期 | 一般價格有效日期 | Koha館藏類型 | 公開資訊 |
|---|---|---|---|---|---|---|---|---|---|---|---|---|---|---|---|---|---|
| 未註銷館藏 | 未遺失 | 中文圖書分類法 | 未損毀 | 可外借 | 怡仁綜合醫院圖書館 | 怡仁綜合醫院圖書館 | 2020-11-10 | 16 | 6 | 528.2 | C02761 | 2023-07-14 | 2023-07-04 | 2020-11-10 | 一般圖書 | 一本寫給不知該如何開口讚美的大人,以及受挫孩子的教練之書,告訴大人如何以溫暖而堅定的語言表情 ,激發孩子的正向成長動力。 |